Colmillo Blanco

Збережено в:
Бібліографічні деталі
Автор: London, Jack (autor)
Формат: Книга
Мова:Іспанська
Опубліковано: Santiago Andrés Bello 1996
Редагування:4a. ed
Предмети:
Теги: Додати тег
Немає тегів, Будьте першим, хто поставить тег для цього запису!

MARC

LEADER 00000nam a2200000 a 4500
001 UCH9780
003 CL-VaPUC
008 100121e19960000CL |||||||||||||||||spa|d
020 |a 9561310848 
082 0 4 |a 813  |b LON  |2 21 
100 |a London, Jack  |e autor  |9 342822 
245 1 0 |a Colmillo Blanco 
250 |a 4a. ed 
300 |a 359 p 
942 |c BK 
945 |d 20100121 00:00:00  |a dcastane 
260 |a Santiago  |b Andrés Bello  |c 1996 
650 0 |a Literatura estadounidense  |9 317168 
650 0 |a Cuentos estadounidenses  |9 265133 
650 0 |a Novelas estadounidenses  |9 265217 
583 |a last modification  |c 20100121 00:00:00  |k Rodrigo Vera 
999 |c 339669  |d 339667